Video Games with Character Names in the Title - Statistics

General Stats
  • This quiz has been taken 217 times
    192 since last reset
  • The average score is 9 of 12
Answer Stats
Video Game % Correct
{Sonic} the Hedgehog
99%
Super {Mario} Bros.
99%
The Legend of {Zelda}
98%
{Luigi}’s Mansion
90%
{Ratchet} and Clank
81%
Banjo-{Kazooie}
73%
{Kirby}’s Dreamland
73%
{Yoshi}’s Island
65%
{PaRappa} the Rapper
50%
{Conker}'s Bad Fur Day
49%
{Sly} {Cooper} and the Thievius Racoonus
39%
{Crash} {Bandicoot} Warped
38%
No matching quizzes found
Score Distribution
Percent of People with Each Score
Percentile by Number Answered
Your Score History
You have not taken this quiz since the last reset